|
|
|
|
| LEADER |
00970cam a2200229 7i4500 |
| 001 |
0000071579 |
| 005 |
20230627090000.0 |
| 020 |
|
|
|a 9781003024149 (electronic book)
|
| 090 |
0 |
0 |
|a QA86.9.D343
|b S26 2021
|
| 100 |
1 |
|
|a Samoilenko, Sergey V
|
| 245 |
1 |
0 |
|a Quantitative methodologies using multi-methods :
|b models for social science and information technology research
|c Sergey V. Samoilenko, Kweku-Muata Osei-Bryson.
|
| 264 |
|
|
|a New York City:
|b CRC Press,
|c 2021.
|
| 300 |
|
|
|a 1 online resource (xvii, 292 pages):
|b illustrations, text file, PDF.
|
| 336 |
|
|
|a text
|2 rdacontent
|
| 337 |
|
|
|a computer
|2 rdamedia
|
| 338 |
|
|
|a online resource
|2 rdacarrier
|
| 650 |
|
0 |
|a Data mining
|
| 700 |
1 |
|
|a Osei-Bryson, Kweku-Muata
|
| 856 |
4 |
2 |
|u http://library.unisel.edu.my/web/guest/mylibrary
|
| 997 |
|
|
|a Communication, Visual Art & Computing, Faculty
|b Computing, Department
|
| 998 |
|
|
|a Mathematics with Statistics, Degree
|
| 999 |
|
|
|a EBO0014513
|b EBOOK
|c EBOOK
|e Electronic resources
|